Statistics for Highest mountains in the world

Click here to take the quiz!

General Stats

  • This quiz has been taken 10 times
  • The average score is 5 of 15

Answer Stats

Height (Metres)Mountain% Correct
8848Everest
100%
8611K2
86%
8163Manaslu
57%
8516Lhotse
43%
8485Makalu
43%
8126Nanga Parbat
43%
8586Kanchenjunga
29%
8091Annapurna I
29%
8051Broad peak
29%
8027Shishapangma
29%
8167Dhaulagiri I
14%
8080Gasherbrum I
14%
7952Gyachung kang
14%
8188Cho Oyu
0%
8035Gasherbrum II
0%

Score Distribution

Percentile by Number Answered

Percent of People with Each Score

Your Score History

You have not taken this quiz